1834 1785 1191 1772 1946 1173 1926 1317 1406 1150 1873 1204 1468 1593 1046 1323 1743 1913 1118 1681 1610 1015 1858 1494 1721 1688 1685 1574 1236 1681 1643 1163 1110 1319 1760 1292 1855 1906 1640 1976 1043 1954 1556 1882 1695 1074 1566 1723 1314 1905 1041 1443 1505 1608 1749 1506 1247 1520 1987 1595 1964 1018 1909 1205 1783 1296 1308 1720 1088 1959 1911 1629 1924 1961 1551 1593 1226 1043 1353 1356 1360 1959 1392 1482 1005 1317 1906 1073 1094 1740 1590 1159 1945 1950 1453 1432 1960 1481 1069 BCNSPRNW ULIB Ver.6.0+V

เปลี่ยนเป็นภาษาไทย

Change to English
 แสดงรายละเอียดบรรณานุกรม
  กลับหน้าหลัก

Brief Record : Get Marc (ISO 2709) : E-mail record : QR code < ปิดหน้าต่าง
LEADER : 00000nam 2200000uu 4500
001    13399114596
003     ULIB
008    120419s2543||||th 000 0 tha d
020    ^a9747227371
060  4 ^aWY85^bช353ก
110 2  ^aสำนักมาตรฐานอุดมศึกษา.^bคณะทำงานจัดทำแนวทางการสร้างหลักสูตรและรายวิชาใหม่ด้านคุณ ธรรมและจริยธรรม
245 10 ^aการสร้างหลักสูตรและรายวิชาใหม่ด้านคุณธรรมและจริยธรรม :แนวทางพัฒนาบัณฑิตอุดมคติไทย /^cโดย คณะทำงานจัดทำแนวทางการสร้างหลักสูตรและรายวิชาใหม่ด้านคุณธรรมและจริยธรรม โครงการพัฒนาบัณฑิตอุดมคติไทย สำนักมาตรฐานอุดมศึกษา ทบวงมหาวิทยาลัย
260    ^aกรุงเทพฯ :^bสำนักมาตรฐานอุดมศึกษา,^c2543
300    ^a132 หน้า
650  7 ^aจริยธรรม
650  7 ^aบัณฑิต
650  7 ^aความดี
650  7 ^aหลักสูตร
945    ^p0^l0^i10227
995    ^aกัณชพร
999 ^a ใช้งานได้ทุกระบบ
รายการนี้ยังไม่มีแท็ก
คุณยังไม่ได้ล็อกอิน คุณสามารถมีกิจกรรมร่วมกับเว็บไซต์ได้ แต่ต้องล็อกอินก่อน ::
  ล็อกอิน

รายการสื่อสารสนเทศ

ลำดับที่ ประเภท เลขเรียก/บาร์โค้ด สถานที่ สถานะ
- ไม่พบข้อมูล -

รายการใกล้เคียง
    หัวเรื่อง [จริยธรรม]
    หัวเรื่อง [บัณฑิต]
    หัวเรื่อง [ความดี]
    หัวเรื่อง [หลักสูตร]

BibComment


ยังไม่เคยถูกคอมเมนท์

คอมเมนท์ทรัพยากรรายการนี้
  คอมเมนท์: การสร้างหลักสูตร..


 Copyright 2026. Bcnsprnw @Library